Normal view
MARC view
- Thangavel Vandana
Entry Personal Name
001 - CONTROL NUMBER
- control field: 209313
003 - CONTROL NUMBER IDENTIFIER
- control field: OSt
005 - DATE AND TIME OF LATEST TRANSACTION
- control field: 20250110130651.0
008 - FIXED-LENGTH DATA ELEMENTS
- fixed length control field: 250110|| aca||aabn | a|a d
040 ## - CATALOGING SOURCE
- Original cataloging agency: OSt
- Transcribing agency: OSt
100 ## - HEADING--PERSONAL NAME
- Personal name: Thangavel Vandana
670 ## - SOURCE DATA FOUND
- Source citation: Work cat.: (OSt)362499: Thangavel Vandana, A Textbook Of Mental Health Nursing -i